La palabra del día Domingo: homilías para el año B

Uloženo v:
Podrobná bibliografie
Hlavní autor: Pedro, Aquilino de (Autor)
Médium: Kniha
Jazyk:španělština
Vydáno: Santiago San Pablo 2002
Vydání:1a. ed
Témata:
Tagy: Přidat tag
Žádné tagy, Buďte první, kdo vytvoří štítek k tomuto záznamu!

MARC

LEADER 00000cam a2200000 a 4500
001 UCC6345
003 CL-VaPUC
008 181207e20020000cl |||||||||||||||||spa|d
020 |a 9562563790 
082 0 4 |a 281  |b PED  |2 21 
100 0 |a Pedro, Aquilino de  |e author  |9 600766 
245 1 3 |a La palabra del día Domingo: homilías para el año B 
250 |a 1a. ed 
300 |a 212 p 
942 |c BK 
945 |d 20181207 13:37:00  |a dcastane 
260 |a Santiago  |b San Pablo  |c 2002 
650 0 |a Homilías  |9 366132 
650 7 |a MENSAJES  |2 CL-VaPUC  |9 335531 
583 |a last modification  |c 20181207 13:37:00  |k Rodrigo Vera 
999 |c 373294  |d 373292 
952 |0 0  |1 0  |3 erb  |4 0  |6 281_000000000000000_PED_2002  |7 0  |8 A  |9 491363  |a BIBTEO  |b BIBTEO  |e Precht Pizarro, Jorge Enrique  |i 5519829  |o 281 PED 2002  |p 5519829  |r 2024-01-18  |w 2019-11-24  |y BK  |z Catalogado en:20181207  |k ICR 
952 |0 0  |1 0  |3 erb  |4 0  |6 281_000000000000000_PED_2002  |7 0  |8 A  |9 491364  |a BIBTEO  |b BIBTEO  |e Precht Pizarro, Jorge Enrique  |i 5519748  |o 281 PED 2002  |p 5519748  |r 2024-01-18  |w 2019-11-24  |y BK  |z Catalogado en:20181207  |k ICR